[Event "Let's Play Chess!"]
[Site "http://www.queenalice.com/game.php?id=1864034"]
[Date "2025.10.12"]
[Round "-"]
[White "Charles56"]
[Black "Eder_Dionatan_Silva_Machado"]
[Result "0-1"]
[WhiteElo "1769"]
[BlackElo "1688"]

1. d4 d5 2. Nc3 Nf6 3. h3 Bf5 4. a3 Qd6 5. Nf3 e6 6. Bg5 Nbd7 7. e3 c6 8. Bxf6
Nxf6 9. g4 Bg6 10. Ne5 Nd7 11. Nxd7 Qxd7 12. Bd3 O-O-O 13. Bxg6 hxg6 14. Qd2 e5
15. dxe5 Qe6 16. f4 f6 17. f5 gxf5 18. exf6 d4 19. Rd1 Qxf6 20. exd4 Re8+ 21.
Kf1 fxg4+ 22. Qf2 Qg6 23. Rd3 gxh3 24. Rg3 Qe6 25. Rh2 Qc4+ 26. Kg1 Bd6 27.
Rgxh3 Rhf8 28. Qd2 Qf1# 0-1

[Event "Let's Play Chess!"]
[Site "http://www.queenalice.com/game.php?id=1864035"]
[Date "2025.10.12"]
[Round "-"]
[White "Eder_Dionatan_Silva_Machado"]
[Black "Charles56"]
[Result "1-0"]
[WhiteElo "1496"]
[BlackElo "1787"]

1. e4 e5 2. Nf3 d6 3. Bc4 h6 4. O-O Nf6 5. d4 exd4 6. Nxd4 Bd7 7. Nc3 a6 8. Re1
b5 9. Bb3 c5 10. Nf5 g6 11. Nxd6+ Ke7 12. e5 Nh5 13. Qf3 Be6 14. Qb7+ Nd7 15.
Nd5+ Bxd5 16. Qxd5 Rh7 17. e6 Nb6 18. exf7+ Kf6 19. Qe5# 1-0

[Event "Let's Play Chess!"]
[Site "http://www.queenalice.com/game.php?id=1864119"]
[Date "2025.10.12"]
[Round "-"]
[White "Eder_Dionatan_Silva_Machado"]
[Black "bobifixer"]
[Result "1-0"]
[WhiteElo "1723"]
[BlackElo "1991"]

1. e4 c5 2. Bc4 e6 3. Nf3 d6 4. d4 cxd4 5. Qxd4 Nc6 6. Qd1 Nf6 7. Nc3 Be7 8. O-O
O-O 9. Re1 a6 10. a4 b6 11. Bf4 Bb7 12. Qe2 Nh5 13. Be3 Nf6 14. Rad1 Qc7 15. Ba2
Rac8 16. Bg5 Nb4 17. Bb3 Nc6 18. h3 Ne5 19. Nd4 h6 20. Bh4 Rfe8 21. Nf3 Nxf3+
22. Qxf3 Nd7 23. Bxe7 Rxe7 24. Qg3 Ne5 25. Re3 Nc4 26. Bxc4 Qxc4 27. Rxd6 1-0

[Event "Let's Play Chess!"]
[Site "http://www.queenalice.com/game.php?id=1864120"]
[Date "2025.10.12"]
[Round "-"]
[White "bobifixer"]
[Black "Eder_Dionatan_Silva_Machado"]
[Result "1-0"]
[WhiteElo "1985"]
[BlackElo "1736"]

1. Nf3 e6 2. d4 d5 3. g3 Nc6 4. Bg2 Nf6 5. Bg5 h6 6. Bxf6 Qxf6 7. O-O Bd6 8. c3
O-O 9. Nbd2 e5 10. dxe5 Nxe5 11. Nxe5 Bxe5 12. Nf3 c6 13. Nxe5 Qxe5 14. e3 Re8
15. Qb3 b6 16. Rad1 Ba6 17. Rfe1 Bc4 18. Qc2 a5 19. b3 Ba6 20. e4 dxe4 21. Rxe4
Qf5 22. Rxe8+ Rxe8 23. Qxf5 Be2 24. Rd7 g6 25. Qxf7+ 1-0

[Event "AUTO-OPEN-4619"]
[Site "http://www.queenalice.com/game.php?id=1864205"]
[Date "2025.10.13"]
[Round "1"]
[White "Eder_Dionatan_Silva_Machado"]
[Black "Castling"]
[Result "1-0"]
[WhiteElo "1551"]
[BlackElo "1902"]

1. e4 e5 2. Nf3 d6 3. Nc3 a6 4. Bc4 h6 5. d4 Bg4 6. dxe5 Bxf3 7. Qxf3 Qe7 8.
exd6 Qf6 9. dxc7 Nd7 10. Bf4 Bd6 11. Nd5 Qxb2 12. O-O Bxf4 13. Rab1 Bxh2+ 14.
Kxh2 Qe5+ 15. Kg1 b5 16. Qg4 bxc4 17. Qxd7+ Kxd7 18. Nb6+ Kxc7 19. Nxa8+ Kd7 20.
Rfd1+ Kc8 21. Nb6+ Kc7 22. Rd7+ Kc6 23. Nxc4 Kc5 24. Nxe5 1-0

[Event "AUTO-OPEN-4619"]
[Site "http://www.queenalice.com/game.php?id=1864224"]
[Date "2025.10.13"]
[Round "1"]
[White "game"]
[Black "Eder_Dionatan_Silva_Machado"]
[Result "1-0"]
[WhiteElo "1682"]
[BlackElo "1500"]

1. e4 e5 2. Nf3 Nc6 3. Bc4 Qf6 4. O-O Nge7 5. d4 exd4 6. Re1 d6 7. Bb5 a6 8. e5
dxe5 9. Bg5 Qd6 10. Nxe5 axb5 11. Na3 Nxe5 12. Nxb5 Qc5 13. Nxd4 f6 14. Be3 Qd5
15. Qh5+ Qf7 16. Qe2 Qc4 17. Qh5+ Qf7 18. Qe2 Bd7 19. Nb5 O-O-O 20. Qf3 N7c6 21.
Qe4 f5 22. Qa4 Kb8 23. Ba7+ Kc8 24. Bc5 Nb8 25. Na7# 1-0

[Event "AUTO-OPEN-4619"]
[Site "http://www.queenalice.com/game.php?id=1864225"]
[Date "2025.10.13"]
[Round "1"]
[White "Eder_Dionatan_Silva_Machado"]
[Black "game"]
[Result "0-1"]
[WhiteElo "1634"]
[BlackElo "1624"]

1. e4 e5 2. Nf3 d6 3. Nc3 Bg4 4. h3 Bh5 5. d4 Nc6 6. Bb5 exd4 7. Qxd4 Ke7 8.
Bxc6 bxc6 9. e5 d5 10. Bg5+ f6 11. exf6+ Nxf6 12. O-O Qd6 13. Rfe1+ Kd7 14. Ne5+
Ke7 15. Nc4+ Kd7 16. Ne5+ Ke7 17. Qf4 Kd8 18. Qf5 Be7 19. Nf7+ Ke8 20. Nxh8 Kf8
21. Re6 Qd7 22. Rae1 g6 23. Nxg6+ hxg6 24. Rxe7 Qxf5 25. Bh6+ Kg8 26. Rg7+ Kh8
27. Ree7 Qxc2 28. Rh7+ Nxh7 29. Bg7+ Kg8 30. Be5 Rf8 31. Rg7+ Kh8 32. Rxh7+ Kxh7
33. Bxc7 d4 34. Na4 Qxa4 35. Bd6 Rd8 36. Be7 Re8 37. Bf6 Re1+ 38. Kh2 d3 39. Bc3
Qf4+ 40. g3 Qxf2# 0-1

[Event "AUTO-OPEN-4619"]
[Site "http://www.queenalice.com/game.php?id=1864234"]
[Date "2025.10.13"]
[Round "1"]
[White "AndreTheFrog"]
[Black "Eder_Dionatan_Silva_Machado"]
[Result "1-0"]
[WhiteElo "1675"]
[BlackElo "1737"]

1. e4 e5 2. Nf3 Nc6 3. Bb5 a6 4. Ba4 Nf6 5. Nc3 b5 6. Bb3 Bb7 7. O-O Be7 8. a3
O-O 9. d4 a5 10. Re1 d5 11. dxe5 Nxe4 12. Bxd5 Nxc3 13. bxc3 Qd7 14. Bxf7+ Rxf7
15. Qxd7 Raf8 16. e6 Rf4 17. Bxf4 Rxf4 18. Ne5 Nxe5 19. Rxe5 Bh4 20. g3 Rg4 21.
Qe8# 1-0

[Event "Let's Play Chess!"]
[Site "http://www.queenalice.com/game.php?id=1864286"]
[Date "2025.10.19"]
[Round "-"]
[White "Eder_Dionatan_Silva_Machado"]
[Black "Charles56"]
[Result "1-0"]
[WhiteElo "1722"]
[BlackElo "1769"]

1. e4 e5 2. Nf3 d6 3. d4 exd4 4. Nxd4 h6 5. Nc3 Bd7 6. Be3 c5 7. Nf5 Bxf5 8.
exf5 Nf6 9. Qf3 Nc6 10. O-O-O Ne5 11. Bb5+ Nc6 12. Bf4 Be7 13. Rhe1 O-O 14. g4
Nh7 15. Nd5 Bg5 16. h4 Bxh4 17. g5 hxg5 18. Bg3 a6 19. Bxh4 gxh4 20. f6 axb5 21.
Ne7+ Kh8 22. Re4 1-0

[Event "Let's Play Chess!"]
[Site "http://www.queenalice.com/game.php?id=1864288"]
[Date "2025.10.17"]
[Round "-"]
[White "Eder_Dionatan_Silva_Machado"]
[Black "Charles56"]
[Result "1-0"]
[WhiteElo "1759"]
[BlackElo "1769"]

1. d4 d5 2. c4 dxc4 3. Nf3 b5 4. a4 c6 5. axb5 cxb5 6. Nc3 Bd7 7. b3 cxb3 8.
Qxb3 e6 9. Nxb5 Bxb5 10. Qxb5+ Qd7 11. Rb1 Qxb5 12. Rxb5 Nc6 13. e4 Nge7 14. Bd3
Ng6 15. d5 exd5 16. exd5 Nce5 17. Nxe5 Nxe5 18. Be4 Bd6 19. O-O O-O 20. f4 Nc4
21. Bd3 a6 22. Rb7 Bc5+ 23. Kh1 Nd6 24. Rc7 1-0

[Event "AUTO-OPEN-4620"]
[Site "http://www.queenalice.com/game.php?id=1864507"]
[Date "2025.10.19"]
[Round "1"]
[White "Eder_Dionatan_Silva_Machado"]
[Black "Capixabba789"]
[Result "1-0"]
[WhiteElo "1391"]
[BlackElo "1885"]

1. e4 Nf6 2. e5 Nd5 3. d4 e6 4. c4 Nb6 5. Nc3 d5 6. c5 N6d7 7. b4 c6 8. f4 Be7
9. Nf3 Nf8 10. Bd3 Ng6 11. O-O O-O 12. g4 b5 13. f5 Nh4 14. Nxh4 Bxh4 15. f6
gxf6 16. g5 fxg5 17. Qh5 f5 18. Kh1 Qe7 19. Bxg5 Bxg5 20. Rg1 h6 21. h4 1-0

[Event "AUTO-OPEN-4620"]
[Site "http://www.queenalice.com/game.php?id=1864508"]
[Date "2025.10.19"]
[Round "1"]
[White "Capixabba789"]
[Black "Eder_Dionatan_Silva_Machado"]
[Result "1-0"]
[WhiteElo "1860"]
[BlackElo "1566"]

1. d4 d5 2. Nc3 Nc6 3. f4 Bf5 4. a3 e6 5. e3 Nf6 6. Nf3 Bd6 7. Be2 O-O 8. O-O
Ne7 9. Ne5 c5 10. Bf3 cxd4 11. exd4 Rc8 12. g4 Be4 13. Nxe4 dxe4 14. Bg2 b5 15.
g5 Nfd5 16. c3 e3 17. Qe2 Nf5 18. Bxd5 exd5 19. Bxe3 f6 20. gxf6 Qxf6 21. Bd2
Rce8 22. Qf3 Qe6 23. Rae1 Nh4 24. Qg3 Bxe5 25. Qxh4 Qg6+ 26. Qg3 Bxf4 27. Rxe8
Rxe8 28. Qxg6 hxg6 29. Bxf4 Re2 30. Rf2 Rxf2 31. Kxf2 Kf7 32. Be5 a5 33. Kf3 a4
34. Kg4 Ke6 35. Kg5 Kf7 36. h4 Ke7 37. Kxg6 Kf8 38. Bxg7+ Ke7 39. h5 Kd6 40. h6
b4 41. axb4 a3 42. bxa3 Ke6 43. Be5 Kd7 44. h7 1-0

[Event "AUTO-OPEN-4620"]
[Site "http://www.queenalice.com/game.php?id=1864510"]
[Date "2025.10.19"]
[Round "1"]
[White "askasl159"]
[Black "Eder_Dionatan_Silva_Machado"]
[Result "0-1"]
[WhiteElo "1412"]
[BlackElo "1391"]

1. e4 e5 2. f4 exf4 3. Nf3 g5 4. h3 d5 5. e5 h6 6. b3 Bg7 7. Bb2 Ne7 8. Nc3 d4
9. Ne4 Nbc6 10. Bb5 Qd5 11. Bxc6+ Qxc6 12. Qe2 Bf5 13. d3 O-O-O 14. O-O-O Nd5
15. Nxd4 Qb6 16. Nxf5 Rhg8 17. Nxg7 Rxg7 18. e6 Rg6 19. exf7 Ne3 20. Rd2 Re6 0-1

[Event "Challenge"]
[Site "http://www.queenalice.com/game.php?id=1864654"]
[Date "2025.10.24"]
[Round "-"]
[White "MHRangel"]
[Black "Eder_Dionatan_Silva_Machado"]
[Result "0-1"]
[WhiteElo "1731"]
[BlackElo "1770"]

1. d4 d5 2. c4 c5 3. Nc3 cxd4 4. Qxd4 Nc6 5. Qxd5 Bd7 6. Bf4 Nf6 7. Qd2 e5 8.
Bg5 Bb4 9. e3 h6 10. Bh4 g5 11. Bg3 Ne4 12. Qd3 Bf5 13. Qxd8+ Rxd8 14. Ne2 Nd2
15. O-O-O Nxc4 16. b3 Ba3# 0-1

[Event "Challenge"]
[Site "http://www.queenalice.com/game.php?id=1864713"]
[Date "2025.10.25"]
[Round "-"]
[White "Eder_Dionatan_Silva_Machado"]
[Black "Connor"]
[Result "0-1"]
[WhiteElo "1794"]
[BlackElo "1915"]

1. e4 e5 2. Nf3 d6 3. d4 exd4 4. Nxd4 Be7 5. Nc3 Bd7 6. Be3 a6 7. Qd2 Nc6 8.
O-O-O Nf6 9. f3 Nxd4 10. Bxd4 b5 11. g4 c5 12. Be3 b4 13. Nd5 Nxd5 14. exd5 a5
15. h4 Bxh4 16. Bf4 Be7 17. Bd3 g6 18. Rde1 Ra7 19. Qh2 Kf8 20. Qh6+ Kg8 21.
Rxe7 Qxe7 22. Qg5 Qxg5 23. Bxg5 Bc8 24. Bf5 gxf5 25. gxf5 Bxf5 26. Bf6 a4 27.
Re1 Ra8 28. Re7 h5 29. c3 Bg6 30. cxb4 cxb4 31. Rd7 h4 32. Bxh8 Kxh8 33. Rxd6
Kg7 34. Rb6 h3 35. d6 h2 36. Rxb4 h1=Q+ 37. Kd2 Qxf3 38. d7 Qd3+ 39. Ke1 Rh8 40.
Rg4 Rh2 41. Rxg6+ Kxg6 42. d8=Q Qe2# 0-1

[Event "Challenge"]
[Site "http://www.queenalice.com/game.php?id=1864714"]
[Date "2025.10.25"]
[Round "-"]
[White "Connor"]
[Black "Eder_Dionatan_Silva_Machado"]
[Result "1-0"]
[WhiteElo "1896"]
[BlackElo "1791"]

1. d4 d5 2. e3 Nf6 3. c4 e6 4. Nf3 Bd6 5. c5 Be7 6. Nc3 O-O 7. Bd3 b6 8. cxb6
axb6 9. a3 c5 10. dxc5 Bxc5 11. Bd2 Ba6 12. Bxa6 Nxa6 13. Nb5 Ne4 14. b4 Be7 15.
O-O Qd7 16. Nbd4 f6 17. Bc1 e5 18. Nc2 Nc3 19. Qd2 Ne4 20. Qd1 Qa4 21. Qxd5+ Kh8
22. Qxe4 f5 23. Qc4 Nc5 24. Nxe5 Bf6 25. Bb2 Rad8 26. Rad1 Ne4 27. Rxd8 Rxd8 28.
Nf7+ Kg8 29. Nxd8+ Kh8 30. Qf7 h6 31. Bxf6 Nxf6 32. Nd4 Qxa3 33. N4e6 Nh5 34.
Qxh5 Qxb4 35. Qxf5 Qh4 36. Qg6 b5 37. Qxg7# 1-0

[Event "AUTO-OPEN-4621"]
[Site "http://www.queenalice.com/game.php?id=1864819"]
[Date "2025.10.28"]
[Round "1"]
[White "game"]
[Black "Eder_Dionatan_Silva_Machado"]
[Result "0-1"]
[WhiteElo "1632"]
[BlackElo "1645"]

1. d4 d5 2. Nf3 Nf6 3. e3 Nc6 4. Bb5 a6 5. Ba4 b5 6. Bb3 Bg4 7. Nc3 e6 8. Ne2
Bb4+ 9. Bd2 Ne4 10. Ne5 Bxd2+ 11. Kf1 Qh4 12. g3 Bh3+ 13. Kg1 Nxe5 14. gxh4 Nf3#
0-1

[Event "AUTO-OPEN-4621"]
[Site "http://www.queenalice.com/game.php?id=1864820"]
[Date "2025.10.28"]
[Round "1"]
[White "Eder_Dionatan_Silva_Machado"]
[Black "game"]
[Result "1-0"]
[WhiteElo "1711"]
[BlackElo "1547"]

1. e4 Nf6 2. Nc3 e5 3. d4 Bb4 4. a3 Bxc3+ 5. bxc3 d6 6. Be3 Nxe4 7. Qf3 Nxc3 8.
dxe5 dxe5 9. Bc4 O-O 10. Ne2 e4 11. Qh5 Be6 12. Bxe6 fxe6 13. Nxc3 Nc6 14. O-O
Rf5 15. Qg4 Ne5 16. Qxe4 Qd7 17. Rad1 Qf7 18. Qxb7 Rf8 19. Qxa7 Ng4 20. Bc5 Re8
21. a4 Qh5 22. h3 Nf6 23. Qxc7 Rxc5 24. Qb7 Rxc3 25. Qb4 Qe5 26. Rfe1 Qc7 27. g4
Rxh3 28. Kg2 Qh2+ 29. Kf1 Nxg4 30. Qxg4 Rh6 31. Rd7 g6 32. Rxe6 Rf8 33. f4 Rxf4+
34. Qxf4 Qxf4+ 35. Ke2 Qc4+ 36. Ke3 Qxe6+ 37. Kd4 Qxd7+ 38. Kc3 Rh2 39. a5 Qc7+
40. Kb4 Rxc2 41. a6 Rb2+ 42. Ka3 Qc3+ 43. Ka4 1-0

[Event "AUTO-OPEN-4621"]
[Site "http://www.queenalice.com/game.php?id=1864836"]
[Date "2025.10.28"]
[Round "1"]
[White "askasl159"]
[Black "Eder_Dionatan_Silva_Machado"]
[Result "1-0"]
[WhiteElo "1830"]
[BlackElo "1757"]

1. e4 e5 2. f4 exf4 3. Nf3 f6 4. Bc4 d5 5. Bxd5 Ne7 6. Bc4 Nbc6 7. d4 Bg4 8.
Bxf4 Nxd4 9. O-O Bxf3 10. gxf3 Ng6 11. Bg3 Bc5 12. Bf2 Ne5 13. Nd2 h5 14. c3
Ndxf3+ 15. Nxf3 Nxc4 16. b4 Nb2 17. Qxd8+ Rxd8 18. Bxc5 b6 19. Bd4 a5 20. Rf2
Nd3 21. Rd2 Nxb4 22. cxb4 axb4 23. Rb1 Ra8 24. Be3 c5 25. e5 Ra3 26. Re1 fxe5
27. Nxe5 h4 28. Nc4 Rc3 29. Bd4+ Kf7 30. Bxc3 bxc3 31. Rd7+ Kg6 32. Re6+ Kf5 33.
Re5+ Kf6 34. Rd6+ Kf7 35. Rf5+ Ke7 36. Rxb6 h3 37. Rxc5 c2 38. Ne5 Rh5 39. Nc6+
Kd6 40. Rxc2 Rc5 41. Rxc5 Kxc5 42. Ra6 Kb5 43. Nb8 g5 44. a4+ Kc5 45. Rg6 g4 46.
a5 g3 47. a6 gxh2+ 48. Kxh2 Kd5 49. a7 Ke5 50. a8=Q Kf5 51. Qc6 Kf4 52. Qe6 Kf3
53. Rf6# 1-0